Comédies françaises (mort subite) - Statistiques

Statistiques générales
  • Ce quiz a été pris 201 fois
  • Le résultat moyen est 7 sur 16
Answers on the Grid
Answers color-coded by a green-red scale on the quiz's grid according to % correct below.
Buffet froid
Les randonneurs
Clovis contre De Gaulle 2.0
La cuisine au beurre
Le gnon
Et la tendresse ? ... Bordel !
Hibernatus
Jour de fête
L'idiot de Saint-Ouen
L'aile ou la cuisse
Barnabé
Les acteurs
Yannick
La ribambelle d’empaffés
Didier
La brelle
Mireille la tenancière
La portière de l'estafette
Lulu la bretonne
Faut pas prendre les enfants du bon dieu pour des canards sauvages
Papy fait de la resistance
Le cave se rebiffe
Zaï Zaï Zaï Zaï
Le grand costaud qui marchait de travers
Le jeu du plus con
Mercredi soir au rad
Poltergay
Mon curé chez les nudistes
 
Statistiques - réponses
Réponse % Correct
L'aile ou la cuisse
85%
Papy fait de la resistance
82%
Didier
80%
Hibernatus
70%
Les randonneurs
52%
Yannick
49%
Zaï Zaï Zaï Zaï
48%
Buffet froid
43%
Faut pas prendre les enfants du bon dieu pour des canards sauvages
39%
Jour de fête
37%
Mon curé chez les nudistes
32%
Et la tendresse ? ... Bordel !
28%
Le cave se rebiffe
27%
La cuisine au beurre
26%
Les acteurs
20%
Poltergay
14%
Aucun quiz correspondant
Distribution des résultats
% des personnes avec chaque résultat
Percentile par nombre de réponses
Votre historique - résultats
Vous n’avez pas pris ce quiz